Les fronteres de la ciència / (Record no. 91811)

MARC details
000 -LEADER
campo de control de longitud fija 00763nam a2200253 i 4500
001 - NÚMERO DE CONTROL
campo de control 91811
003 - IDENTIFICADOR DE NÚMERO DE CONTROL
campo de control ES-MaACL
005 - FECHA Y HORA DE LA ÚLTIMA TRANSACCIÓN
campo de control 20250813110911.0
007 - CAMPO FIJO DE DESCRIPCIÓN FÍSICA--INFORMACIÓN GENERAL
campo de control de longitud fija t|
008 - DATOS DE LONGITUD FIJA--INFORMACIÓN GENERAL
campo de control de longitud fija 050217s2003 sp ||||1| val d
020 ## - NÚMERO INTERNACIONAL ESTÁNDAR DEL LIBRO
Número Internacional Estándar del Libro 84-95916-21-5
080 ## - NÚMERO DE LA CLASIFICACIÓN DECIMAL UNIVERSAL
Número de la Clasificación Decimal Universal 001
245 04 - MENCIÓN DEL TÍTULO
Título Les fronteres de la ciència /
Mención de responsabilidad, etc. coordinació i presentació Antoni Roca Rosell y Vicent L. Salavert Fabiani.
260 ## - PUBLICACIÓN, DISTRIBUCIÓN, ETC.
Lugar de publicación, distribución, etc. Catarroja :
Nombre del editor, distribuidor, etc. Afers,
Fecha de publicación, distribución, etc. 2003.
300 ## - DESCRIPCIÓN FÍSICA
Extensión P. [525]-780 ;
Dimensiones 21 cm.
490 1# - MENCIÓN DE SERIE
Mención de serie Afers ;
Designación de volumen o secuencia 46
595 ## -
-- N. 46 de la revista Afers.
650 #7 - PUNTO DE ACCESO ADICIONAL DE MATERIA--TÉRMINO DE MATERIA
Término de materia o nombre geográfico como elemento de entrada Ciencia
Fuente del encabezamiento o término embne
9 (RLIN) 10929
700 1# - ENTRADA AGREGADA--NOMBRE PERSONAL
Nombre de persona Roca Rosell, Antoni.
9 (RLIN) 98010
700 1# - ENTRADA AGREGADA--NOMBRE PERSONAL
Nombre de persona Salavert Fabiani, Vicent L.
9 (RLIN) 101794
830 1# - PUNTO DE ACCESO ADICIONAL DE SERIE-TÍTULO UNIFORME
Título uniforme Afers ;
Designación de volumen o secuencia 46
9 (RLIN) 232000
852 4# - LOCALIZACIÓN
Ubicación ES-MaACL
Número de control de estantería L-28875
Holdings
Estatus retirado Estado de pérdida Estado de daño No para préstamo Biblioteca de origen Biblioteca actual Ubicación en estantería Fecha de adquisición Fuente de adquisición Total de préstamos Signatura topográfica completa Código de barras Visto por última vez Precio de reemplazo Tipo de ítem Koha
        Biblioteca del Ateneo de Madrid Biblioteca del Ateneo de Madrid Depósito 2 17/01/2008     L-28875 1095858 23/02/2023 23/02/2023 Libro impreso